| 000 | 01107naa a22003257a 4500 | ||
|---|---|---|---|
| 001 | BR7904323 | ||
| 003 | BR-BrBNA | ||
| 005 | 20240918174420.0 | ||
| 007 | ta | ||
| 008 | 230509b bl.||||| |||| 00| 0 por d | ||
| 040 |
_aBR-BrBNA _bpor _cBiblioteca Nacional de Agricultura |
||
| 041 | _a(En) | ||
| 072 |
_aH20; H10 _b0150 |
||
| 090 | _aH20 BR7904323 | ||
| 100 | 1 | _aMathur, S.B. | |
| 111 | 1 |
_a1. Latin America Workshop on Seed Pathology _cLondrina, PR (Brazil) _d10 Apr 1977 |
|
| 245 | 1 | _aSome aspects of seed patology of rice [Semente; Arroz; Oryza sativa; Fungo; Bacteria; Nematoide] | |
| 260 | 3 |
_aLondrina, PR (Brasil): _c1979. |
|
| 500 | _aSeed pathology, problems and progress Londrina, PR (Brasil): 1979. p. 120-129 (BR7904323-AM)H20 | ||
| 650 | _aDoenca de planta | ||
| 650 | _aPraga de planta | ||
| 650 | _aArroz | ||
| 650 | _aFungo | ||
| 650 | _aBacteria | ||
| 650 | _aNematoide | ||
| 650 | _aSemente | ||
| 773 | 0 |
_tSeed pathology, problems and progress _b _wH20 BR7904323 _gLondrina, PR (Brasil), 1979. p. 120-129 |
|
| 909 |
_a202404 _bLucia _c55 _dLucia Elande |
||
| 942 |
_cAM _2AGRIS |
||
| 999 |
_c311087 _d311087 |
||